Advanced internet technologies /
Saved in:
| Main Author: | |
|---|---|
| Format: | Book |
| Language: | English |
| Published: |
Upper Saddle River NJ :
Prentice Hall PTR,
1999.
|
| Subjects: | |
| Tags: |
Add Tag
No Tags, Be the first to tag this record!
|
| Institutions: | Mạng thư viện Đại học Đà Nẵng |
|---|
| LEADER | 00821cam a2200325 i 4500 | ||
|---|---|---|---|
| 001 | 000045086 | ||
| 003 | 4208 | ||
| 005 | 20030321162509.0 | ||
| 008 | 010220|1999 vm 000 eng | ||
| 020 | |a 0137595158 : |c 1 | ||
| 040 | |a IRC |c IRC |d IRC | ||
| 041 | 0 | |a eng | |
| 082 | 1 | 4 | |a 004.678 |b BL-U |
| 100 | 1 | |a Black, Uyless D. | |
| 245 | 0 | 0 | |a Advanced internet technologies / |c Uyless D. Black. |
| 260 | |a Upper Saddle River NJ : |b Prentice Hall PTR, |c 1999. | ||
| 300 | |a xix, 346 p. : |b ill. | ||
| 630 | 0 | 4 | |a Computer. |
| 630 | 0 | 4 | |a Internet. |
| 650 | 0 | 4 | |a Internet |x Technologies. |
| OWN | |a DUT | ||
| 999 | |a From the UDN01 | ||
| TYP | |a Monograph | ||
| TYP | |a Printed language | ||
| 980 | |a Mạng thư viện Đại học Đà Nẵng | ||


